Asset management

Asset management - definícia pojmu. Životný cyklus infraštruktúry. Základný stavebný kameň asset managementu. Správa majetku sa netýka iba infraštruktúry. Optimalizácia údržby a obnovy. Smart asset management. Implementácia asset management systému.

Uložené v:
Podrobná bibliografia
Hlavný autor: Hamouz, Michal
Médium: Kapitola
Jazyk:Czech
Predmet:
Tagy: Pridať tag
Žiadne tagy, Buďte prvý, kto otaguje tento záznam!

MARC

LEADER 00000naa a2200000 4500
001 0238415
005 20221104112235.8
041 0 |a cze 
044 |a CZ 
245 1 0 |a Asset management  |c Michal Hamouz 
520 |a Asset management - definícia pojmu. Životný cyklus infraštruktúry. Základný stavebný kameň asset managementu. Správa majetku sa netýka iba infraštruktúry. Optimalizácia údržby a obnovy. Smart asset management. Implementácia asset management systému. 
610 2 0 |a technológie informačné 
610 2 0 |a technológie komunikačné 
610 2 0 |a systémy informačné podnikové 
610 2 0 |a infraštruktúra 
610 2 0 |a siete inžinierske 
610 2 0 |a dáta 
610 2 0 |a riadenie 
610 2 0 |a náklady 
100 1 |a Hamouz, Michal